| 000 | 01539nam a22003857a 4500 | ||
|---|---|---|---|
| 003 | CHAP | ||
| 005 | 20220329140044.0 | ||
| 008 | 971013s1982 r 10010 d | ||
| 010 | _a46319 | ||
| 011 | _a47291 | ||
| 035 | _a51433 | ||
| 040 | _cCHAP | ||
| 082 |
_a634.9 _bR4 1981 |
||
| 111 | 0 | 0 |
_aReunión Nacional de Instituciones de Enseñanza Forestal ( _n3 _d: 1981 _c: Oaxaca, Oax.) _996494 |
| 245 | _aMemoria | ||
| 260 |
_aMéxico, D. F. : _bInstituto Nacional de Investigaciones Forestales, _c1982 |
||
| 300 |
_a116 p. _b: ilus. |
||
| 490 |
_aPublicación especial _v; 36 |
||
| 590 |
_aBATCH-UPD _b10 _c20130110 _lUCH01 _h0036 |
||
| 590 |
_aBATCH-UPD _b10 _c20130110 _lUCH01 _h1251 |
||
| 590 |
_aBATCH-UPD _b10 _c20130409 _lUCH01 _h2019 |
||
| 590 |
_aBATCH-UPD _b10 _c20130410 _lUCH01 _h0813 |
||
| 590 |
_aBATCH-UPD _b10 _c20130914 _lUCH01 _h1310 |
||
| 590 |
_aCONVERSION _b10 _c20130109 _lUCH01 _h1325 |
||
| 650 | 1 | 4 |
_aEnseñanza forestal _xMéxico. _937097 |
| 830 | 0 |
_aPublicación especial _v; 36 _992760 |
|
| 901 | _aBK | ||
| 942 | _cLIBRO | ||
| 949 |
_a634.9 R4 1981 _bBC _cCONG _d-115061 _eCONG _fc.3 _h61675 _i51433 _si |
||
| 949 |
_a634.9 R4 1981 _bBC _cLIBRO _d33724000221487 _eLIBRO _h60203 _i51433 _si |
||
| 949 |
_a634.9 R4 1981 _bBC _cLIBRO _d33724000221495 _eLIBRO _fc.2 _h60426 _i51433 _si |
||
| 949 |
_a634.9 R4 1981 _bBC _cLIBRO _d33724000221503 _eLIBRO _fc.4 _h63332 _i51433 _si |
||
| 949 |
_a634.9 R4 1981 _bBC _cLIBRO _d33724000221511 _eLIBRO _fc.5 _h68462 _i51433 _si |
||
| 949 |
_a634.9 R4 1981 _bBC _cLIBRO _d33724000221529 _eLIBRO _fc.6 _h73803 _i51433 _si |
||
| 999 |
_c46319 _d46319 |
||